LEADER 01447nam--2200385---450- 001 990005945480203316 005 20140710153105.0 010 $a978-92-9241-320-0 035 $a000594548 035 $aUSA01000594548 035 $a(ALEPH)000594548USA01 035 $a000594548 100 $a20140429d2013----km-y0itaa50------ba 101 0 $aita 102 $aLU 105 $a||||||||001yy 200 1 $a<> Fondo europeo di adeguamento alla globalizzazione ha fornito un valore aggiunto UE nel reinserimento dei lavoratori in esubero?$fCorte dei conti europea 210 $aLussemburgo$cUfficio delle pubblicazioni dell'Unione europea$d2013 215 $a38 p.$cill.$d30 cm 225 2 $aRelazione speciale$v7 410 0$12001$aRelazione speciale 606 0 $aOccupazione$yPaesi dell'Unione europea$2BNCF 676 $a331.1377094 699 $a13.01$bPolitiche per l'occupazione 710 02$aCorte dei conti europea$0541549 801 0$aIT$bsalbc$gISBD 856 4 $uhttp://dx.publications.europa.eu/10.2865/93528$4.$zAccesso libero online 912 $a990005945480203316 951 $aCDE 13.01 (LXII)$bCDE 2999$cCDE 13.01 959 $aBK 969 $aCDE 979 $aMARIAS$b90$c20140429$lUSA01$h1328 979 $aMARIAS$b90$c20140710$lUSA01$h1531 996 $aFondo europeo di adeguamento alla globalizzazione ha fornito un valore aggiunto UE nel reinserimento dei lavoratori in esubero$91072169 997 $aUNISA LEADER 05333oam 2200625I 450 001 996212775103316 005 20220518164553.0 010 $a0-429-97946-0 010 $a0-429-96838-8 010 $a0-429-49983-3 024 7 $a10.4324/9780429499838 035 $a(CKB)3460000000002529 035 $a(SSID)ssj0000409472 035 $a(PQKBManifestationID)12154988 035 $a(PQKBTitleCode)TC0000409472 035 $a(PQKBWorkID)10453407 035 $a(PQKB)10166300 035 $a(MiAaPQ)EBC5904944 035 $a(OCoLC)1029237474 035 $a(EXLCZ)993460000000002529 100 $a20180706d2018 uy 0 101 0 $aeng 135 $aurcnu|||||||| 181 $ctxt$2rdacontent 182 $cc$2rdamedia 183 $acr$2rdacarrier 200 00$aInequality $eclassic readings in race, class, and gender /$fedited by David B. Grusky and Szonja Szelényi 205 $aFirst edition. 210 1$aLondon :$cRoutledge,$d2018. 215 $a1 online resource (xviii, 331 pages) 311 $a0-367-31623-4 311 $a0-8133-4330-5 320 $aIncludes bibliographical references and index. 327 $tpart, 1 Is Inequality Inevitable? /$rKingsley Davis Wilbert E. Moore --$tchapter 1 Some Principles of Stratification /$rKingsley Davis Wilbert E. Moore --$tchapter 2 Some Principles of Stratification: A Critical Analysis /$rMelvin M. Tumin --$tpart, 2 The Structure Of Social Inequality /$rKingsley Davis Wilbert E. Moore --$tchapter 3 Classes in Capitalism and Pre-Capitalism /$rMarx Karl --$tchapter 4 Class, Status, Party /$rWeber Weber --$tchapter 5 The Division of Labor in Society /$rEmile Durkheim --$tchapter 6 Equality and Inequality in Modern Society , or Social Stratification Revisited /$rTalcott Parsons --$tpart, 3 Inequality At The Extremes /$rKingsley Davis Wilbert E. Moore --$tchapter 7 The Power Elite /$rC. Wright Mills --$tchapter 8 Jobless Poverty: A New Form of Social Dislocation in the Inner-City Ghetto /$rWilliam Julius Wilson --$tchapter 9 A Merican Apartheid Segregation and the Making of the Underclass /$rDouglas S. Massey Nancy A. Denton --$tpart, 4 Racial, Ethnic, And Gender Inequality /$rKingsley Davis Wilbert E. Moore --$tchapter 10 A Theory of Ethnic Antagonism the Split Labor Market /$rEdna Bonacich --$tchapter 11 The Declining Significance of Race Blacks and Changing American Institutions /$rWilliam Julius Wilson --$tchapter 12 The Immigrant Enclave: Theory and Empirical Examples /$rAlejandro Portes Robert D. Manning --$tchapter 13 The Unhappy Marriage of Marxism and Feminism Towards a more Progressive Union /$rHeidi Hartmann --$tchapter 14 Labor Markets as Queues a Structural Approach to Changing Occupational Sex Composition /$rBarbara F. Reskin --$tpart, 5 Generating Inequality /$rKingsley Davis Wilbert E. Moore --$tchapter 15 Sponsored and Contest Mobility and the School System /$rRalph H. Turner --$tchapter 16 The Process of Stratification /$rPeter M. Blau Otis Dudley Moore --$tchapter 17 The Educational and Early Occupational Attainment Process /$rWilliam H. Sewell Archibald O. Haller Alejandro Portes --$tchapter 18 Cultural Reproduction and Social Reproduction /$rPierre Bourdieu --$tpart, 6 The Consequences Of Inequality /$rKingsley Davis Wilbert E. Moore --$tchapter 19 The Theory of the Leisure Class /$rThorstein Veblen --$tchapter 20 Distinction a Social Critique of the Judgement of Taste /$rPierre Bourdieu. 330 $a"The field of inequality emerged out of a set of classic texts important works that students and scholars continue to read and to rely on to inform their ongoing research. Often controversial and deeply influential, these texts formed the field as we know it and serve as cornerstones even today. For the first time, these twenty calssic texts have no been brought together in a new reader, Inequality: Classic Readings in Race, Class, and Gender. Edited by David B. Grusky and Sonja Szeli, this important new volume provides: A solid introduction to fundamental concepts, theories, and empirical results. Carefully excerpted pieces that highlight the essential contributions while maintaining ample context for informed, serious discussion.? A coherent selection of core readings appropriate for all inequality courses.The collection is a natural starting point for all new students of inequality as well as a useful reference for advanced scholars who could benefit from easy access to the classics. When used in inequality courses, the selections provided here may be supplemented with contemporary articles and books, thus allowing teachers the convenience of relying on a single source that distills the must-reads with the flexibility of tailoring contemporary readings to a particular course focus."--Provided by publisher. 606 $aEquality 606 $aSocial stratification 606 $aSocial classes 606 $aRace 606 $aSex role 608 $aElectronic books. 615 0$aEquality. 615 0$aSocial stratification. 615 0$aSocial classes. 615 0$aRace. 615 0$aSex role. 676 $a305.01 702 $aGrusky$b David 702 $aSzelényi$b Szonja 801 0$bFlBoTFG 801 1$bFlBoTFG 906 $aBOOK 912 $a996212775103316 996 $aInequality$91239901 997 $aUNISA LEADER 04178 am 22005413u 450 001 9910297055003321 005 20170815104216.0 010 $a1-299-42248-9 010 $a3-653-01676-2 035 $a(CKB)2670000000337694 035 $a(EBL)1129218 035 $a(OCoLC)829460816 035 $a(SSID)ssj0000906471 035 $a(PQKBManifestationID)11492951 035 $a(PQKBTitleCode)TC0000906471 035 $a(PQKBWorkID)10930958 035 $a(PQKB)10030090 035 $a(MiAaPQ)EBC1129218 035 $a(EXLCZ)992670000000337694 100 $a20120618d2012 uy 0 101 0 $aeng 135 $aur|n|---||||| 181 $ctxt 182 $cc 183 $acr 200 10$aChina in transition$b[electronic resource] $epoverty, income decomposition and labor allocation of agricultural households in Hebei Province /$fChristian Bo?ber 210 $aFrankfurt am Main $cPeter Lang$d2012 215 $a1 online resource (241 p.) 225 1 $aHohenheimer volkswirtschaftliche Schriften,$x0721-3085 ;$vBd. 68 300 $aSummaries in German and English. 311 $a3-631-63328-9 320 $aIncludes bibliographical references. 327 $aCover; Acknowledgements; Table of contents; List of tables; List of figures; List of abbreviations and acronyms; List of Chinese terms and expressions; Zusammenfassung; Summary; 1 Introduction; 1.1 Background; 1.2 Objectives; 1.3 Hypotheses; 1.4 Outline of the thesis; 2 Hebei province; 2.1 Location, population and natural conditions; 2.2 The rural areas of Hebei province; 2.3 Summary; 3 Development and state of rural institutions in China; 3.1 Transition in rural China; 3.2 Rural China prior the period of communism; 3.3 Collectivization 327 $a3.4 Policy changes during the transition and the development of market institutions3.5 Farm households in China and Hebei; 3.5.1 General overview; 3.5.2 Part- and full-time farm households; 3.6 Alternatives to small scale farming?; 3.7 Summary; 4 Theory and methodology; 4.1 Development economics and measures of poverty and well-being; 4.1.1 Decomposition of income inequality; 4.1.2 Estimation of income inequality; 4.1.3 Poverty development and differences in poverty inequality for different population subgroups; 4.2 Labor allocation; 4.3 Agricultural household models 327 $a4.3.1 The concept of utility maximization of agricultural households4.3.2 Separability of households' labor decisions; 4.3.3 Theoretical model for the assessment of a household's labor allocation; 4.3.4 Theoretical model for the assessment of farm structure persistence; 4.4 Summary; 5 Data; 5.1 Working with panel data; 5.2 The household data set; 5.3 Summary; 6 The trend of poverty and income decomposition for Hebei - Results; 6.1 Poverty trend; 6.2 Income decomposition; 6.2.1 Decomposition of income for 1986 and 2002; 6.2.2 Inequality in income; 6.2.3 Empirical Lorenz Curves; 6.3 Summary 327 $a7 Empirical specifications and econometric testing of separability, agricultural household and farm structure persistence models7.1 Separability of households' labor demand and supply decisions; 7.1.1 Variable set for testing separability; 7.1.2 Results of testing for separability; 7.2 Labor market participation of farm househol; 7.2.1 Empirical model and choice of variables; 7.2.2 Estimation procedure, measures of model fit and calculation of predicted probabilities; 7.2.3 Results of estimating farm households' labor market participation 327 $a7.3 Persistence and transition of farming structures over time7.3.1 The independent variable and the choice of explanatory variables; 7.3.2 Estimation procedure and model power; 7.3.3 Estimation results; 7.4 Summary; 8 Conclusions; References; Appendix A; Appendix B; Appendix C; Appendix D 410 0$aHohenheimer volkswirtschaftliche Schriften ;$vBd. 68. 607 $aHebei Sheng (China)$xEconomic conditions 676 $a307.76092 700 $aBo?ber$b Christian$0916554 801 0$bMiAaPQ 801 1$bMiAaPQ 801 2$bMiAaPQ 906 $aBOOK 912 $a9910297055003321 996 $aChina in transition$92054601 997 $aUNINA LEADER 04357 am 22007093u 450 001 9910132259903321 005 20230621141032.0 010 $a9783863951870$b(ebook) 035 $a(CKB)3710000000371180 035 $a(SSID)ssj0001682817 035 $a(PQKBManifestationID)16508104 035 $a(PQKBTitleCode)TC0001682817 035 $a(PQKBWorkID)15037127 035 $a(PQKB)10409170 035 $a(OCoLC)945782890 035 $a(WaSeSS)IndRDA00056491 035 $a(oapen)https://directory.doabooks.org/handle/20.500.12854/37414 035 $a(EXLCZ)993710000000371180 100 $a20160829h20142014 uy 0 101 0 $aeng 135 $aurm|#---uuuuu 181 $ctxt$2rdacontent 182 $cc$2rdamedia 183 $acr$2rdacarrier 200 00$aNational reconviction statistics and studies in Europe =$eNational ru?ckfallstatistiken und - undersuchungen in Europa /$fHans-Jörg Albrecht, Jo?rg-Martin Jehle (editors) 210 $cUniversitätsverlag Göttingen$d2014 210 1$a[Göttingen] :$cUniversitätsverlag Göttingen,$d2014. 210 4$d©2014 215 $a1 online resource (246 pages) $cillustrations; digital, PDF file(s) 225 1 $aGöttingen studies in criminal law and justice ;$vvolume 25 225 1 $aGöttinger Studien zu den Kriminalwissenschaften ;$vvolume 25 320 $aIncludes bibliographical references. 330 $aRecidivism belongs to the main categories of criminology, crime policy and criminal justice. If the target of preventing offenders from reoffending is taken seriously crime policy should be measured by success of certain penal sanctions in terms of relapses. Also institutions that deal directly with crime and offenders need to get basic information on the consequences of their actions; particularly general knowledge about offender groups at the risk of reoffending. All these are reasons why representative recidivism studies are needed. Meanwhile a lot of European countries gather systematic and comprehensive information on recidivism, periodically and on a national level. This volume presents an exemplary collection of such endeavours: Austria, Estonia, France, Germany, Switzerland and a comparative study of England, Wales and Scotland. 330 $aRückfall gehört zu den zentralen Kategorien der Kriminologie, Strafrechtspraxis und Kriminalpolitik. Nimmt man den spezialpräventiven Anspruch des Strafrechts ernst, muss sich die Strafrechtspolitik daran messen lassen, wie gut es mit welcher Art von Sanktionen gelingt, Rückfälle zu verhindern. Aber auch die Institutionen, die unmittelbar mit Straftaten und Straftätern umgehen, bedürfen einer grundlegenden Information über die Folgen ihres Tuns, insbesondere allgemeine Erkenntnisse über rückfallgefährdete Tätergruppen. All dies sind Gründe, warum repräsentative Rückfalluntersuchungen benötigt werden. Systematische und umfassende Informationen zum Rückfall werden mittlerweile in vielen europäischen Ländern regelmäßig und landesweit erhoben. Der vorliegende Band will hierzu eine exemplarische Zusammenstellung dieser Bestrebungen bieten: Deutschland, Estland, Frankreich, Österreich, die Schweiz und eine Vergleichsstudie aus England und Wales, den Niederlanden und Schottland. 410 0$aGöttingen studies in criminal law and justice ;$vvolume 25. 410 0$aGöttinger Studien zu den Kriminalwissenschaften ;$vvolume 25. 517 1 $aNationale Ru?ckfallstatistiken und -untersuchungen in Europa 606 $aRecidivism$zEurope$vStatistics 606 $aRecidivism$zEurope$vStatistics$xMethodology 610 $aRecidivism 610 $aRelapses 610 $aCriminology 610 $aCrime policy 610 $aCriminal justice 610 $aEngland and Wales 610 $aNetherlands 610 $aScotland 610 $aSentence (law) 610 $aStrafgesetzbuch 610 $aSwitzerland 615 0$aRecidivism 615 0$aRecidivism$xMethodology. 676 $a364.3 700 $aAlbrecht$b Hans-Jörg$4edt$0405311 702 $aAlbrecht$b Hans Jörg$f1950-, 702 $aJehle$b Jörg-Martin$f1949-, 801 0$bPQKB 801 2$bAuAdUSA 801 2$bUkMaJRU 912 $a9910132259903321 996 $aNational reconviction statistics and studies in Europe$93385698 997 $aUNINA